LEADER 01171nam--2200373---450- 001 990001232510203316 005 20051031114923.0 035 $a000123251 035 $aUSA01000123251 035 $a(ALEPH)000123251USA01 035 $a000123251 100 $a20031031d1937----km-y0itay0103----ba 101 0 $alat 102 $aIT 105 $a||||||||001yy 200 1 $aFragmenta$fLivi Andronici$gcollegit M. Lenchantin De Gubernatis 210 $aAugustae Taurinorum [etc.]$cin aedibus Io. Bapt. Paraviae$d1937 215 $aXXXV, 48 p.$d19 cm 225 2 $aCorpus scriptorum Latinorum Paravianum$v63 410 0$12001$aCorpus scriptorum Latinorum Paravianum$v63 454 1$12001 461 1$1001-------$12001 700 1$aANDRONICUS,$bLucius Livius$0556556 702 1$aLENCHANTIN DE GUBERNATIS,$bMassimo 801 0$aIT$bsalbc$gISBD 912 $a990001232510203316 951 $aV.3.A. 296(VIII C 558)$b46672 L.M.$cVIII 959 $aBK 969 $aUMA 979 $aSIAV6$b10$c20031031$lUSA01$h1736 979 $aPATRY$b90$c20040406$lUSA01$h1728 979 $aCOPAT3$b90$c20051031$lUSA01$h1149 996 $aFragmenta$9987686 997 $aUNISA LEADER 02590nam 22005655 450 001 9910987691803321 005 20250313115303.0 010 $a9783031826856 010 $a303182685X 024 7 $a10.1007/978-3-031-82685-6 035 $a(CKB)37876801000041 035 $a(DE-He213)978-3-031-82685-6 035 $a(MiAaPQ)EBC31958884 035 $a(Au-PeEL)EBL31958884 035 $a(EXLCZ)9937876801000041 100 $a20250313d2025 u| 0 101 0 $aeng 135 $aur||||||||||| 181 $ctxt$2rdacontent 182 $cc$2rdamedia 183 $acr$2rdacarrier 200 10$aTheological Hermeneutics and Mary Daly's verification process /$fby Antonina Wozna 205 $a1st ed. 2025. 210 1$aCham :$cSpringer Nature Switzerland :$cImprint: Springer,$d2025. 215 $a1 online resource (XI, 188 p.) 311 08$a9783031826849 311 08$a3031826841 327 $aChapter 1. Mary Daly `s ontolinguistic hermeneutics -- Chapter 2. Criteria for validation and validity of Daly's method -- Chapter 3. Conclusions. 330 $aTheological Hermeneutics and Daly's verification process offers an original overview of Mary Daly?s inputs to the theological hermeneutics from the feminist perspective. In the context of multiple theological methodologies and a growing interest for gender and feminist studies, it provides keys to design relevant approach to theology as a method. This book shows how gender bias affects theological discourses and how gender discourse oriented to the good of women, can be a paradigm of theology and a criterion of the most effective transmission of faith and social transformation. This book is an important read for scholars working in the intersection of theology, gender and feminism, and a great addition to Antonina Wozna's book on Mary Daly?s (1928-2010) Theological Method of Ontolinguistic Hermeneutics. 606 $aFeminist theology 606 $aTheology 606 $aSex 606 $aFeminist Theology 606 $aChristian Theology 606 $aGender Studies 615 0$aFeminist theology. 615 0$aTheology. 615 0$aSex. 615 14$aFeminist Theology. 615 24$aChristian Theology. 615 24$aGender Studies. 676 $a202.082 700 $aWozna$b Antonina$4aut$4http://id.loc.gov/vocabulary/relators/aut$01790078 801 0$bMiAaPQ 801 1$bMiAaPQ 801 2$bMiAaPQ 906 $aBOOK 912 $a9910987691803321 996 $aTheological Hermeneutics and Mary Daly's verification process$94350163 997 $aUNINA